| 000 | 00796nam a22002057a 4500 | ||
|---|---|---|---|
| 005 | 20100804144122.0 | ||
| 010 | _aENG-98175 | ||
| 020 |
_a9788181712400 _c600.00 |
||
| 035 | _aEN-81708 | ||
| 037 | _bDBAD/PUB | ||
| 082 | _a590.95479 | ||
| 245 | _aFauna of Bhimashankar wildlife sanctury Maharashtra / | ||
| 260 |
_aKolkata _bZoological Survey of India _c2009 |
||
| 270 |
_a234/4, AJC Bose Road, 2nd MSO Building, 13th Floor, Nizam Palace _bKolkata _e700020 |
||
| 300 |
_a284p. _c24cm (pbk) |
||
| 490 |
_aConservation area series, 42 _96150 |
||
| 500 | _aIncludes bibliographical references | ||
| 942 |
_2ddc _cEN _h590.95479 _mFAU |
||
| 999 |
_c39267 _d39267 |
||